04591 2202161 4500001002100000005001500021035002000036008004100056245007200097100002400169250000600193260003100199300001300230020002200243084001400265520016000279082000800439650001400447990001200461990001200473990001200485990001200497990001200509990001200521990001200533990001200545990001200557990001200569990001200581990001200593990001200605990001200617990001200629990001200641990001200653990001200665990001200677990001200689990001200701990001200713990001200725990001200737990001200749990001200761990001200773990001200785990001200797990001200809990001200821990001200833990001200845990001200857990001200869990001200881990001200893990001200905990001200917990001200929990001200941990001200953990001200965990001200977990001200989990001201001990001201013990001201025990001201037990001201049990001201061990001201073990001201085990001201097990001201109990001201121990001201133990001201145990001201157990001201169990001201181990001201193990001201205990001201217990001201229990001201241990001201253990001201265990001201277990001201289990001201301990001201313990001201325990001201337990001201349990001201361990001201373990001201385990001201397990001201409990001201421990001201433990001201445990001201457990001201469990001201481990001201493990001201505990001201517990001201529990001201541990001201553990001201565990001201577990001201589990001201601990001201613990001201625990001201637990001201649990001201661990001201673990001201685990001201697990001201709990001201721990001201733990001201745990001201757990001201769990001201781990001201793990001201805990001201817990001201829990001201841990001201853990001201865990001201877990001201889990001201901990001201913990001201925990001201937990001201949990001201961990001201973990001201985990001201997990001202009990001202021990001202033990001202045990001202057990001202069990001202081990001202093990001202105990001202117990001202129990001202141990001202153990001202165990001202177990001202189990001202201990001202213990001202225990001202237990001202249990001202261990001202273990001202285990001202297990001202309990001202321990001202333990001202345990001202357990001202369990001202381990001202393990001202405990001202417INLIS00000000000001220240430025726 a0010-0324000012240430 0 ind 1 aStudent Book English For SMA X ( Pendamping ) /cTheresia Sudarwati aSudarwati, Theresia a1 aJakarta :bErlangga,c2017 a268 hlm. a978-602-434-497-9 a420 THE e aStudent's Book: English for SMA / MA is a new four-skill, three-level senior high series that offers stimulating and diverse language learning experiences. a420 4aNon Fiksi a0738782 a0738783 a0738784 a0738785 a0738786 a0738787 a0738788 a0738789 a0738790 a0738791 a0738792 a0738793 a0738794 a0738795 a0738796 a0738797 a0738798 a0738799 a0738800 a0738801 a0738802 a0738803 a0738804 a0738805 a0738806 a0738807 a0738808 a0738809 a0738810 a0738811 a0738812 a0738813 a0738814 a0738815 a0738816 a0738817 a0738818 a0738819 a0738820 a0738821 a0738822 a0738823 a0738824 a0738825 a0738826 a0738827 a0738828 a0738829 a0738830 a0738831 a0738832 a0738833 a0738834 a0738835 a0738836 a0738837 a0738838 a0738839 a0738840 a0738841 a0738842 a0738843 a0738844 a0738845 a0738846 a0738847 a0738848 a0738849 a0738850 a0738851 a0738852 a0738853 a0738854 a0738855 a0738856 a0738857 a0738858 a0738859 a0738860 a0738861 a0738862 a0738863 a0738864 a0738865 a0738866 a0738867 a0738868 a0738869 a0738870 a0738871 a0738872 a0738873 a0738874 a0738875 a0738876 a0738877 a0738878 a0738879 a0738880 a0738881 a0738882 a0738883 a0738884 a0738885 a0738886 a0738887 a0738888 a0738889 a0738890 a0738891 a0738892 a0738893 a0738894 a0738895 a0738896 a0738897 a0738898 a0738899 a0738900 a0738901 a0738902 a0738903 a0738904 a0738905 a0738906 a0738907 a0738908 a0738909 a0738910 a0738911 a0738912 a0738913 a0738914 a0738915 a0738916 a0738917 a0738918 a0738919 a0738920 a0738921 a0738922 a0738923 a0738924 a0738925 a0738926 a0738927 a0738928 a0738929 a0738930 a0738931 a0738932 a0738933 a0738934 a0738935 a0738936 a0738937 a0738938 a0738939 a0738940 a0738941 a0738942 a0738943 a0738944 a0738945